Riconosci il Pokémon - Quiz n°466 - Statistics

Statistiche generali
  • Questo quiz è stato fatto 1 volte
  • Il punteggio medio è 6 su 10
Statistiche sulle risposte
Indizio Risposta % Corretto
Altezza 0,7 m
100%
Peso 18,0 kg
100%
Abilità Indagine; Tenacia; Pedinombra
100%
Stadio evoluzione Prima evoluzione
100%
Tipo Psico
100%
Generazione Quinta
100%
Tasso di cattura 100 (21.7%)
0%
Sesso 25% ♂, 75% ♀
0%
Pokémon Gothorita
0%
Tasso di allevamento Medio-Lento
0%
Nessun quiz corrispondente trovato
Distribuzione punteggi
Percentuale di utenti per punteggio
Percentile per numero di risposta
I tuoi punteggi nel tempo
Non hai fatto questo quiz